Genes, genomes and genomics (Record no. 6660)

MARC details
000 -LEADER
fixed length control field 00883 a2200265 4500
003 - CONTROL NUMBER IDENTIFIER
control field 0
005 - DATE AND TIME OF LATEST TRANSACTION
control field 20180712170203.0
008 - FIXED-LENGTH DATA ELEMENTS--GENERAL INFORMATION
fixed length control field 080905t xxu||||| |||| 00| 0 eng d
010 ## - LIBRARY OF CONGRESS CONTROL NUMBER
LC control number ENG-87543
020 ## - INTERNATIONAL STANDARD BOOK NUMBER
Terms of availability 700.00
International Standard Book Number 8189233570
035 ## - SYSTEM CONTROL NUMBER
System control number EN-71076, B-217908
037 ## - SOURCE OF ACQUISITION
Source of stock number/acquisition D.B.Act / Pub
040 ## - CATALOGING SOURCE
Transcribing agency 0
082 ## - DEWEY DECIMAL CLASSIFICATION NUMBER
Classification number 572.86
245 ## - TITLE STATEMENT
Title Genes, genomes and genomics
Statement of responsibility, etc edited by D. Thangadurai..[et.al]
260 ## - PUBLICATION, DISTRIBUTION, ETC. (IMPRINT)
Place of publication, distribution, etc New Delhi
Name of publisher, distributor, etc Regency Publications
Date of publication, distribution, etc 2007
270 ## - ADDRESS
Address 20/36-G, Old Market, West Patel Nagar,
City New Delhi
Postal code 110 008
Telephone number 011-42484101, 011-25884571
Electronic mail address regency@satyam.net.in
300 ## - PHYSICAL DESCRIPTION
Extent V.2 (x, 244 p.)
Dimensions 23 cm. (Hb).
500 ## - GENERAL NOTE
General note Includes bibliographical references and index
700 ## - ADDED ENTRY--PERSONAL NAME
Personal name Thangadurai, D.
700 ## - ADDED ENTRY--PERSONAL NAME
Personal name Tang, W.
700 ## - ADDED ENTRY--PERSONAL NAME
Personal name Papavassiliou, A. G.
700 ## - ADDED ENTRY--PERSONAL NAME
Personal name Anupama, M.
942 ## - ADDED ENTRY ELEMENTS (KOHA)
Institution code [OBSOLETE] dpl
Koha item type English Books
Call number prefix 572.86 / GEN
Source of classification or shelving scheme Dewey Decimal Classification
Classification part 572.86
Call number suffix GEN
Holdings
Withdrawn status Lost status Damaged status Not for loan Collection code Home library Current library Date acquired Cost, normal purchase price Total Checkouts Full call number Barcode Date last seen Copy number Uniform Resource Identifier Cost, replacement price Price effective from Koha item type Source of classification or shelving scheme Source of acquisition Date checked out
      Not For Loan Non-fiction D.B.Act.Division D.B.Act.Division 05/09/2008 700.00   572.86 GEN EN-71076 15/09/2008 1 7162 700.00 15/09/2008 English Books      
        Non-fiction Patel Nagar Patel Nagar 12/07/2018 700.00 1 572.86 GEN B-217908 08/02/2023     700.00 12/07/2018 English Books Dewey Decimal Classification BPPD/Pub 27/01/2023

© Delhi Public Library
Hit Counter
free hit counter